LEADER 01225nam a2200289 i 4500 001 000000178130 003 CaOOAMICUS 005 20090307000000.0 008 090307s1986 xx u000 u mul u 013 $a155699 020 $a88-06-59342-0 040 $aSeMil$bita 245 10$aMedicina e farmacologia :$blibri 28-32 /$ctraduzioni e note di Umberto Capitani e Ivan Garofalo. 300 $a642 p., [6] p. di tav. 490 0 $aI millenni 700 1 $aPlinius Secundus, Gaius,$c.$0(OLS)http://semarc/name/1446 700 1 $aGarofalo, Ivan.$0(OLS)http://semarc/name/66226 700 1 $aCapitani, Umberto.$0(OLS)http://semarc/name/66225 773 0 $aPlinius Secundus, Gaius, $tStoria naturale.$dTorino : Einaudi, 1982-1988.$kMillenni$g4$w()1596 830 2$aI millenni.$0(OLS)http://semarc/title/7877 850 $aSeMil 852 $aSeMil$W1$xVenegono$y1$m1X III 14$j237913$B128922$CSeMilBibl$Z2$F140042 $81 900 1 $aPlinio . 961 $aOmaggio: Ciprandi dott. Paolo 996 $6020$a88-06-59342-0$9(OLS)http://semarc/number/167073 996 $6245$aMedicina e farmacologia :$blibri 28-32$9(OLS)http://semarc/title/255821 LEADER 00892nam a2200229 i 4500 001 000000107252 003 CaOOAMICUS 005 20101216000000.0 008 101216s1954 it u000 u ita u 013 $a79479 040 $aSeMil$bita 100 1 $aGuzzetti, Giovanni Battista,$c.$0(OLS)http://semarc/name/249 245 10$aSguardo alla pastorale operaia /$cG. B. Guzzetti. 260 $aRoma :$bACLI,$c1954. 300 $a31 p. ;$c24 cm. 490 0 $aQuaderni di pastorale operaia ;$v1 830 0$aQuaderni di pastorale operaia ;$v1.$0(OLS)http://semarc/title/32315 850 $aSeMil 852 $aSeMil$W1$xVenegono$y1$m5B XII 8/22$j63348$B63348$CSeMilBibl$Z2$F158107 $81 961 $aOmaggio: Calcaterra don Carlo 996 $6245$aSguardo alla pastorale operaia$9(OLS)http://semarc/title/155603 996 $6260$aRoma :$bACLI$9(OLS)http://semarc/publisher/29864 LEADER 01252nam a2200301 i 4500 001 000000128280 003 CaOOAMICUS 005 20070716000000.0 008 070716s1985 it u000 u ita u 013 $a101004 040 $aSeMil$bita 100 1 $aWiesel, Elie,$d<1928-2016>.$0(OLS)http://semarc/name/19284 240 14$aLes juifs du silence.$0(OLS)http://semarc/title/189528 245 14$aGli ebrei del silenzio :$btestimonianza /$cElie Wiesel ; [Traduzione dal francese di Giuseppina Camussone e Anna Zanon]. 260 $aMilano :$bSpirali,$c1985. 300 $a128 p. ;$c21 cm. 490 0 $aL'alingua ;$v42 500 $aFondo card. C.M. Martini. 650 4$aEbrei russi.$0(OLS)http://semarc/subject/25283 700 1 $aZanon, Anna.$0(OLS)http://semarc/name/53204 700 1 $aCamussone, Giuseppina.$0(OLS)http://semarc/name/53383 830 2$aL'alingua ;$v42.$0(OLS)http://semarc/title/11272 850 $aSeMil 852 $aSeMil$W1$xVenegono$y1$m3V III 14$j82507$B82507$CSeMilBibl$Z2$F125664 $81 941 1 $a4 961 $aOmaggio: Martini Card. Carlo Maria 996 $6245$aGli ebrei del silenzio :$btestimonianza$9(OLS)http://semarc/title/189527 996 $6260$aMilano :$bSpirali$9(OLS)http://semarc/publisher/32251